01597nam a2200265 a 4500001001000000005001700010008004100027041000800068044000700076084002600083100004500109245012800154260005500282300003600337500029000373500011600663500026500779500004001044500001001084650005201094650005601146650003401202650004501236740005001281BRCA_239020190320203803.0101108s1934----sp-#---###---#000-0#spa-u aspa asp a031b.B55c1934 F16151 aCervantes Saavedra, Miguel ded1547-161610aSegunda parte del Ingenioso Cavallero Don Quixote de la Manchacpor Miguel de Cervates Saavedra, autor de su primera parte. aSan Sebastián (España)bBiblioteca nuevac1934 a1 v. (sin paginación)c21 cm. aContenido : Tasa. Fe de errartas. Aprovación del Dr. Gutierre de Cetina. Aprobación de M. Joseph de Valdivieso. Aprobación del Lic. Márquez Torres. Privilegio. Prólogo del autor. Dedicatoria del autor al Conde de Lemos. Texto. Los primeros pasos de el Quijote, por M. Artigas aFacsímil de : Segunda parte del ingenioso cavallero Don Quixote de la Mancha. Madrid: Juan de la Cuesta, 1615 aFacsímil de la segunda parte de la edición príncipe, publicado en San Sebastián, por Biblioteca Nueva, 1934, por completo igual al LO-030. Lindo ejemplar, encuadernado en fina piel parda, con florones y filetes dorados en lomo y planos Lúdovik Osterc aExistencias : Complementa al LO-008 aQM37414aNovela españolayÉpoca clásica, 1500-170014aLiteratura españolayÉpoca clásica, 1500-170014aNovela españolaySiglo XVII14aDon Quijote (Personaje ficticio)eNovela0 aEl Ingenioso Hidalgo Don Quijote de la Mancha